000 00768nam a2200229 i 4500
001 bg
245 0 0 _aLaboratorium z budowy samochodów /
_cJózef Knapczyk (red.) ; [aut.] Orlan Gansiniec [et al.] ; Politechnika Krakowska im. Tadeusza Kościuszki.
260 _aKraków :
_bPK,
_c1993
_e(Krak. :
_fPK).
300 _a85 s. :
_brys., wykr. ;
_c24 cm.
504 _aBibliogr. przy ćw.
521 _aSkrypt dla studentów wyższych szkół technicznych.
650 9 _aSamochody
_xbudowa i konstrukcje
655 _aPodręczniki akademickie
700 1 _aKnapczyk, Józef.
_eRed.
700 1 _aGansiniec, Orlan.
015 _aPB 7112/94
040 _cBPK
041 0 _apl
080 _a629.113 (075.8)
942 _cKS
008 s pl f |000 0 pol
999 _c6322
_d6322
856 _uhttp://koha.tu.koszalin.pl/cgi-bin/koha/opac-detail.pl?biblionumber=6322
_yKatalog online BPK